|
|
|
|
| LEADER |
01684nam a2200409 4500 |
| 001 |
9781787697850 |
| 003 |
UtOrBLW |
| 005 |
20190219175658.0 |
| 006 |
m o d |
| 007 |
cr un||||||||| |
| 008 |
190219s2018 enk o 001 0 eng d |
| 020 |
|
|
|a 9781787697850 (e-book)
|
| 040 |
|
|
|a UtOrBLW
|b eng
|e rda
|c UtOrBLW
|d GrThAP
|
| 050 |
|
4 |
|a HD57.7
|b .H69 2018
|
| 072 |
|
7 |
|a BUS071000
|2 bisacsh
|
| 072 |
|
7 |
|a KJMB
|2 bicssc
|
| 080 |
|
|
|a 303
|
| 082 |
0 |
4 |
|a 658.4092
|2 23
|
| 100 |
1 |
|
|a Howieson, W. B.,
|e author.
|
| 245 |
1 |
0 |
|a Leadership :
|b the current state of play /
|c by W B Howieson (Edinburgh Napier University, UK).
|
| 264 |
|
1 |
|a Bingley, U.K. :
|b Emerald Publishing Limited,
|c 2018.
|
| 264 |
|
4 |
|c ©2018
|
| 300 |
|
|
|a 1 online resource (xxxii, 214 pages)
|
| 336 |
|
|
|a text
|b txt
|2 rdacontent
|
| 337 |
|
|
|a computer
|b c
|2 rdamedia
|
| 338 |
|
|
|a online resource
|b cr
|2 rdacarrier
|
| 490 |
1 |
|
|a Emerald points
|
| 500 |
|
|
|a Includes index.
|
| 505 |
0 |
|
|a Prelims -- Introduction -- What is leadership? - An academic perspective -- How does one do It? - A practitioner's perspective -- Conclusion -- Endnote -- Index.
|
| 520 |
|
|
|a Leadership: The Current State of Play seeks to combine current academic and practitioner thinking to present an illuminating and accessible overview of historical and contemporary leadership thought.
|
| 588 |
0 |
|
|a Print version record
|
| 650 |
|
0 |
|a Leadership.
|
| 650 |
|
7 |
|a Business & Economics
|x Leadership.
|2 bisacsh
|
| 650 |
|
7 |
|a Management: leadership & motivation.
|2 bicssc
|
| 776 |
|
|
|z 9781787697881
|
| 830 |
|
0 |
|a Emerald points.
|
| 856 |
4 |
0 |
|u https://www.emerald.com/insight/publication/doi/10.1108/9781787697850
|z Full Text via HEAL-Link
|